00000000nas##2200000za#4500
0019.511148
003CaOODSP
00520200325112022
007ta
008150406c2005||||xxc|| p #||||f|   |0eng|d
022 |a1711-1870
040 |aCaOODSP|beng
041 |aeng
041 |afre
043 |an-cn---
0861 |aCH2-3
1101 |aCanada.|bCanadian Heritage. |bMulticulturalism.
24510|aCanadian diversity / |c[issued by] the Association for Canadian Studies.
260 |aOttawa - Ontario : |bCanadian Heritage.
310 |aQuarterly
3621 |aVol. 1, No. 1, Summer 2002--
500 |a"Canadian Diversity is a bilingual publication. All materials prepared by the ACS is published in both French and English. All other texts are published in their language of origin."--Page [2].
500 |aFor information on publications, please contact: Marie-Pascale Desjardins, Director of Publications and New Projects, 514-925-3099, mp.desjardins@acs-aec.ca
5203 |aContains articles that examine citizenship, ethnicity, national identity, and other issues related to diversity, mostly within a Canadian context. Most contributors are academics from across Canada. Often includes interviews with Canadian politicians responsible for diversity issues.
546 |aBilingual (articles published in their original language).
563 |aSoftcover
69007|aPolicy|2gcpds
69007|aMulticulturalism|2gcpds
7760#|tCanadian diversity = |w(CaOODSP)9.500576
792 |tDiversité canadienne / |efre|w(CaOODSP)9.511149